<?xml version="1.0" encoding="UTF-8"?>
<record
    xmlns:xsi="http://www.w3.org/2001/XMLSchema-instance"
    xsi:schemaLocation="http://www.loc.gov/MARC21/slim http://www.loc.gov/standards/marcxml/schema/MARC21slim.xsd"
    xmlns="http://www.loc.gov/MARC21/slim">

  <leader>01377nab a2200253 a 4500</leader>
  <controlfield tag="003">DO-SdBNP</controlfield>
  <controlfield tag="005">20250502120352.0</controlfield>
  <controlfield tag="007">ta</controlfield>
  <controlfield tag="008">250502e2015    dr |||p|r||||||0| | spa d</controlfield>
  <datafield tag="040" ind1=" " ind2=" ">
    <subfield code="a">DO-SdBNP</subfield>
    <subfield code="b">spa</subfield>
    <subfield code="c">BNPHU</subfield>
    <subfield code="e">rda</subfield>
  </datafield>
  <datafield tag="041" ind1=" " ind2=" ">
    <subfield code="h">spa</subfield>
  </datafield>
  <datafield tag="100" ind1=" " ind2=" ">
    <subfield code="a">Dom&#xED;nguez Michael, Christopher</subfield>
    <subfield code="9">87646</subfield>
  </datafield>
  <datafield tag="245" ind1=" " ind2=" ">
    <subfield code="a">Pedro Henr&#xED;quez Ure&#xF1;a. Familia y familiaridad /</subfield>
    <subfield code="c">Christopher Dom&#xED;nguez Michael.</subfield>
  </datafield>
  <datafield tag="264" ind1=" " ind2=" ">
    <subfield code="a">Santo Domingo, Rep&#xFA;blica Dominicana : </subfield>
    <subfield code="b">Editora Nacional Dominicana,</subfield>
    <subfield code="c">2015.</subfield>
  </datafield>
  <datafield tag="300" ind1=" " ind2=" ">
    <subfield code="a">p&#xE1;gina, 35-43.</subfield>
  </datafield>
  <datafield tag="336" ind1=" " ind2=" ">
    <subfield code="a">texto</subfield>
    <subfield code="b">txt</subfield>
    <subfield code="2">rdacontent</subfield>
  </datafield>
  <datafield tag="337" ind1=" " ind2=" ">
    <subfield code="a">sin mediaci&#xF3;n </subfield>
    <subfield code="b">n</subfield>
    <subfield code="2">rdamedia</subfield>
  </datafield>
  <datafield tag="338" ind1=" " ind2=" ">
    <subfield code="a">volumen</subfield>
    <subfield code="b">nc</subfield>
    <subfield code="2">rdacarrier</subfield>
  </datafield>
  <datafield tag="362" ind1=" " ind2=" ">
    <subfield code="a">A&#xF1;o.9: no.17 (2015: jun.)</subfield>
  </datafield>
  <datafield tag="520" ind1=" " ind2=" ">
    <subfield code="a">Con motivo de sus 80 a&#xF1;os de existencia, el Fondo de Cultura Econ&#xF3;mica ha puesto en marcha la reedici&#xF3;n de libros cl&#xE1;sicos de su cat&#xE1;logo. Entre ellos se encuentra, Las corrientes literarias en la Am&#xE9;rica Hisp&#xE1;nica, del notable cr&#xED;tico dominicano Pedro Henr&#xED;quez Ure&#xF1;a, y cuyo pr&#xF3;logo que aqu&#xED; reproducimos ha sido encargado a Christopher Dom&#xED;nguez Michael. </subfield>
  </datafield>
  <datafield tag="600" ind1="1" ind2="0">
    <subfield code="a">Henr&#xED;quez Ure&#xF1;a, Pedro,</subfield>
    <subfield code="d">1884-1946   </subfield>
    <subfield code="9">1718</subfield>
    <subfield code="v">Publicaciones peri&#xF3;dicas</subfield>
    <subfield code="z">Rep&#xFA;blica Dominicana</subfield>
  </datafield>
  <datafield tag="773" ind1="0" ind2=" ">
    <subfield code="0">37014</subfield>
    <subfield code="9">283557</subfield>
    <subfield code="a">Secretar&#xED;a de Estado de Educaci&#xF3;n, Bellas Artes y Cultura (Rep&#xFA;blica Dominicana )</subfield>
    <subfield code="o">37524-9-17-1</subfield>
    <subfield code="t">Pa&#xED;s cultural :</subfield>
    <subfield code="w">(DO-SdBNP)000037524</subfield>
  </datafield>
  <datafield tag="942" ind1=" " ind2=" ">
    <subfield code="2">ddc</subfield>
    <subfield code="c">ISSUE</subfield>
  </datafield>
  <datafield tag="999" ind1=" " ind2=" ">
    <subfield code="c">58923</subfield>
    <subfield code="d">58923</subfield>
  </datafield>
</record>
